00981nam a2200217 a 450000100060000000300090000600800410001502000150005604000280007108200180009910000300011724501390014726000450028630000090033159001370034065000500047765000540052794200120058199900170059395201530061020588CO-ViMGA141112s2004 ck r 000 u spa d a9500608065 aCO-ViMGAbspacCO-ViMGA04a371.926 G317e1 aGearheart, Bill R.92982410aLa enseñanza en niños con transtornos de aprendizaje : bUn abordaje que combian el proceso individual y las necesidades escolares aBogotá : bMedica panemericana, c1998 a311p aForma de adquisición : Compra fact. 0532 - - Precio : 70000 - - Proveedor : temas y libros - - Fecha de adquisición : Abril 200614aeducación DE NIÑOS - METODOLOGÍA92982514aNIÑOS DE APRENDIZAJE LENTO - EDUCACIÓN929826 2ddccBK c29582d29582 00102ddc40708003aMEVIECARbMEVIECARd2015-12-04hVolumen. 1 | 11/jun/2009l0o371.926 G317e p20588r2015-12-04 00:00:00tEj. 1w2015-12-04yBK